| 000 | 00719nam a2200289 4500 | ||
|---|---|---|---|
| 001 | 31421 | ||
| 010 | _a9789724312477 | ||
| 005 | 20220405165521.0 | ||
| 021 |
_aPT _b255561/07 |
||
| 090 | _a31421 | ||
| 100 | _a20110128g2007 c y0pory5003 ba | ||
| 304 | _aTít orig. : Scorpion | ||
| 101 | 1 |
_apor _cfre |
|
| 102 | _aPT | ||
| 105 | _aa z 000ay | ||
| 106 | _ar | ||
| 930 | _lBECRE | ||
| 675 |
_a087.5 _vBN _zpor |
||
| 675 |
_a821.134.3-93"19" _vBN _zpor |
||
| 675 | _zpor | ||
| 700 | 1 |
_aSalgueiro _bTiago |
|
| 701 | 1 | _4070 | |
| 702 | 1 |
_aNavarro _bElsa _4440 |
|
| 200 | 1 |
_aProvérbios Coloridos _fTiago Salgueiro _gil. Elsa Navarro |
|
| 210 |
_aPorto _cAmbar _d2007 |
||
| 215 |
_a[26] p. _cil. _d29 cm |
||
| 990 | _cLIVROS | ||